00553nam a22001097a 4500040000800000082002700008100001500035245025800050260002600308300002200334856008700356 cRUA aAVM CHA 2012 B100 Or.1 aCHANN, NY. aEpidemiology study on Newcastle disease in teck chhou district, kampot province, សិក្សាពីកម្រិតរាលដាល នៃជំងឺញ៉ូកាស ក្នុងស្រុកទឹកឈូ ខេត្តកំពត. aphnom phenbRUAc2012 aXII.bILL.c29CM. uhttps://drive.google.com/file/d/1Z6VYWUfBHlrvXuIVC8QN4zU2-XivgJB2/view?usp=sharing